[Event "SVK-chT2D 2425"]
[Site "Slovakia"]
[Date "2024.11.09"]
[Round "1.2"]
[White "Blaha, Vladimir"]
[Black "Nadzamova, Viktoria"]
[Result "1/2-1/2"]
[WhiteElo "2082"]
[BlackElo "2142"]
[PlyCount "65"]
[EventDate "2024.11.09"]
[EventType "team-tourn"]
[EventRounds "11"]
[EventCountry "SVK"]
[SourceTitle "CB51_2024"]
[SourceDate "2024.12.18"]
[SourceVersion "1"]
[SourceVersionDate "2024.12.18"]
[SourceQuality "1"]
[WhiteTeam "Gelnica Slovan"]
[BlackTeam "Kosice Slavia UPJS III"]
[WhiteTeamCountry "SVK"]
[BlackTeamCountry "SVK"]

1. Nf3 d5 2. d4 Nf6 3. c4 e6 4. Nc3 Be7 5. e3 a6 6. c5 0-0 7. Be2 Nbd7 8. 0-0 Re8 9. b4 c6 10. Ne5 Nxe5 11. dxe5 Nd7 12. Bb2 b6 13. Na4 bxc5 14. Nxc5 Nxc5 15. bxc5 Bxc5 16. Qc2 Qe7 17. Rfc1 Rb8 18. Rab1 Rxb2 19. Rxb2 Ba3 20. Rb8 Bxc1 21. Qxc6 Bd7 22. Rxe8+ Bxe8 23. Qxc1 Qb7 24. h3 h6 25. Qc2 Bc6 26. Qb3 Qa8 27. f3 a5 28. a4 Qa7 29. Bb5 Qb6 30. Kf2 Qb8 31. Qd3 Bb7 32. Qc3 Qd8 33. Qc5 1/2-1/2

[Event "SVK-chT2D 2324"]
[Site "Slovakia"]
[Date "2024.03.16"]
[Round "10.3"]
[White "Klemanic, Emil"]
[Black "Blaha, Vladimir"]
[Result "1/2-1/2"]
[WhiteElo "2071"]
[BlackElo "2069"]
[PlyCount "22"]
[EventDate "2023.10.07"]
[EventType "team-tourn"]
[EventRounds "11"]
[EventCountry "SVK"]
[SourceTitle "EXT 2025"]
[Source "ChessBase"]
[SourceDate "2024.10.14"]
[SourceVersion "1"]
[SourceVersionDate "2024.10.14"]
[SourceQuality "1"]
[WhiteTeam "Kosice Slavia UPJS III"]
[BlackTeam "Gelnica Slovan"]
[WhiteTeamCountry "SVK"]
[BlackTeamCountry "SVK"]

1. d4 Nf6 2. Nf3 g6 3. Bf4 Bg7 4. Nbd2 d5 5. h3 0-0 6. e3 b6 7. Bd3 Bb7 8. 0-0 c5 9. c3 Nc6 10. Ne5 Nxe5 11. Bxe5 Ne4 1/2-1/2

[Event "SVK-chT2D 1920"]
[Site "Slovakia"]
[Date "2020.01.26"]
[Round "7.4"]
[White "Cisko, Matej"]
[Black "Blaha, Vladimir"]
[Result "1/2-1/2"]
[WhiteElo "2022"]
[BlackElo "2107"]
[PlyCount "102"]
[EventDate "2019.10.26"]
[EventType "team-tourn"]
[EventRounds "11"]
[EventCountry "SVK"]
[SourceTitle "CBM 194 Extra"]
[Source "ChessBase"]
[SourceDate "2020.03.31"]
[SourceVersion "1"]
[SourceVersionDate "2020.03.31"]
[SourceQuality "1"]
[WhiteTeam "Kezmarok"]
[BlackTeam "Gelnica Slovan"]
[WhiteTeamCountry "SVK"]
[BlackTeamCountry "SVK"]

1. e4 c5 2. Nc3 a6 3. Nf3 e6 4. d4 cxd4 5. Nxd4 Nc6 6. Nxc6 bxc6 7. Bd3 d5 8. 0-0 Nf6 9. Bf4 Be7 10. Qe2 Nd7 11. Rfe1 Nc5 12. Rad1 Nxd3 13. Rxd3 Ra7 14. Rg3 g6 15. Bh6 f6 16. f4 Kf7 17. Rf1 f5 18. exf5 exf5 19. Qd3 Bf6 20. Ne2 Qb6+ 21. Kh1 Qxb2 22. Bg5 Re8 23. Bxf6 Qxf6 24. Nd4 Re4 25. Nf3 a5 26. Ng5+ Kg7 27. Nxe4 fxe4 28. Qc3 Ba6 29. Rb1 Qxc3 30. Rxc3 Bc4 31. a3 a4 32. Kg1 Rf7 33. g3 h6 34. Kf2 g5 35. Ke3 gxf4+ 36. gxf4 Rf5 37. Rxc4 dxc4 38. Rb4 Rh5 39. Rxa4 Rxh2 40. Rxc4 Rh3+ 41. Kxe4 Rxa3 42. Rxc6 Rg3 43. Rd6 h5 44. Rd2 h4 45. Rh2 h3 46. c4 Kf6 47. c5 Ke6 48. Rd2 Rc3 49. Rd6+ Ke7 50. Rh6 Rxc5 51. Rxh3 Kf6 1/2-1/2

[Event "SVK-chT2D 1920"]
[Site "Slovakia"]
[Date "2019.12.14"]
[Round "5.4"]
[White "Blaha, Vladimir"]
[Black "Foglar, Ivan"]
[Result "1-0"]
[WhiteElo "2109"]
[BlackElo "1970"]
[PlyCount "73"]
[EventDate "2019.10.26"]
[EventType "team-tourn"]
[EventRounds "11"]
[EventCountry "SVK"]
[SourceTitle "CBM 194 Extra"]
[Source "ChessBase"]
[SourceDate "2020.03.31"]
[SourceVersion "1"]
[SourceVersionDate "2020.03.31"]
[SourceQuality "1"]
[WhiteTeam "Gelnica Slovan"]
[BlackTeam "Margecany"]
[WhiteTeamCountry "SVK"]
[BlackTeamCountry "SVK"]

1. c4 c6 2. e4 e5 3. Nf3 d6 4. d4 exd4 5. Nxd4 Nf6 6. Nc3 Na6 7. Be2 Nc5 8. Qc2 Ne6 9. Be3 Qc7 10. 0-0 h5 11. Rad1 Ng4 12. Nxe6 Bxe6 13. Bf4 g5 14. Bxg5 d5 15. Bxg4 hxg4 16. g3 dxc4 17. Nd5 cxd5 18. exd5 Qe5 19. Qd2 Bb4 20. Qxb4 Qxg5 21. dxe6 fxe6 22. Qxb7 Rd8 23. Rxd8+ Qxd8 24. Qg7 Rf8 25. Qxg4 Qc8 26. Rc1 Qc5 27. Qxe6+ Kd8 28. Rc2 c3 29. bxc3 Kc7 30. Rd2 Rd8 31. Rxd8 Kxd8 32. c4 Qa3 33. Qd5+ Kc8 34. c5 a5 35. c6 Qc1+ 36. Kg2 Kc7 37. Qd7+ 1-0

[Event "SVK-chT2D 1718"]
[Site "Slovakia"]
[Date "2018.03.17"]
[Round "10.1"]
[White "Blaha, Vladimir"]
[Black "Krak, Tomas"]
[Result "1/2-1/2"]
[WhiteElo "2108"]
[BlackElo "2268"]
[PlyCount "47"]
[EventDate "2017.10.28"]
[EventType "team-tourn"]
[EventRounds "11"]
[EventCountry "SVK"]
[SourceTitle "EXT 2020"]
[Source "ChessBase"]
[SourceDate "2019.10.17"]
[SourceVersion "1"]
[SourceVersionDate "2019.10.17"]
[SourceQuality "1"]
[WhiteTeam "Gelnica Slovan"]
[BlackTeam "Humenne Reinter"]
[WhiteTeamCountry "SVK"]
[BlackTeamCountry "SVK"]

1. Nf3 Nf6 2. c4 g6 3. Nc3 Bg7 4. e4 d6 5. d4 0-0 6. Be2 Bg4 7. Be3 Nfd7 8. Ng1 Bxe2 9. Ngxe2 Nc6 10. 0-0 Na5 11. b3 c5 12. Qd2 cxd4 13. Bxd4 Bxd4 14. Nxd4 Nc6 15. Rad1 Qa5 16. Nd5 Qxd2 17. Rxd2 Rae8 18. f4 Kg7 19. Nf3 Nc5 20. Re1 Rc8 21. b4 Na4 22. b5 Na5 23. Nxe7 Rxc4 24. Rxd6 1/2-1/2

[Event "SVK-chT2D 1718"]
[Site "Slovakia"]
[Date "2018.02.24"]
[Round "8.1"]
[White "Pastir, Stanislav"]
[Black "Blaha, Vladimir"]
[Result "1-0"]
[WhiteElo "2140"]
[BlackElo "2127"]
[PlyCount "81"]
[EventDate "2017.10.28"]
[EventType "team-tourn"]
[EventRounds "11"]
[EventCountry "SVK"]
[SourceTitle "EXT 2019"]
[Source "ChessBase"]
[SourceDate "2018.10.10"]
[SourceVersion "1"]
[SourceVersionDate "2018.10.10"]
[SourceQuality "1"]
[WhiteTeam "Presov Slavia"]
[BlackTeam "Gelnica Slovan"]
[WhiteTeamCountry "SVK"]
[BlackTeamCountry "SVK"]

1. d4 d5 2. c4 c6 3. Nc3 Nf6 4. Nf3 dxc4 5. a4 e6 6. e4 Bb4 7. Qc2 b5 8. Be2 a6 9. 0-0 Bb7 10. Bg5 h6 11. Bh4 Be7 12. e5 Nd5 13. Bxe7 Qxe7 14. Ne4 0-0 15. Nd6 Rd8 16. Nd2 Rxd6 17. exd6 Qxd6 18. Ne4 Qc7 19. b3 cxb3 20. Qxb3 Nd7 21. Rfc1 Qb6 22. Nc5 Rd8 23. Qg3 Nxc5 24. dxc5 Qc7 25. Qxc7 Nxc7 26. axb5 cxb5 27. c6 Bc8 28. Rd1 Nd5 29. Bf3 Kf8 30. Bxd5 exd5 31. Re1 Rd6 32. Rac1 Re6 33. Rxe6 fxe6 34. f4 Ke7 35. Kf2 Kd6 36. c7 a5 37. Ke3 a4 38. Kd2 b4 39. Ra1 Bd7 40. Rxa4 Kxc7 41. Rxb4 1-0

[Event "SVK-chT2D 1718"]
[Site "Slovakia"]
[Date "2018.01.13"]
[Round "5.1"]
[White "Panko, Radoslav"]
[Black "Blaha, Vladimir"]
[Result "1/2-1/2"]
[WhiteElo "2049"]
[BlackElo "2127"]
[PlyCount "51"]
[EventDate "2017.10.28"]
[EventType "team-tourn"]
[EventRounds "11"]
[EventCountry "SVK"]
[SourceTitle "EXT 2019"]
[Source "ChessBase"]
[SourceDate "2018.10.10"]
[SourceVersion "1"]
[SourceVersionDate "2018.10.10"]
[SourceQuality "1"]
[WhiteTeam "Bardejov II"]
[BlackTeam "Gelnica Slovan"]
[WhiteTeamCountry "SVK"]
[BlackTeamCountry "SVK"]

1. b3 d5 2. Bb2 Bg4 3. h3 Bh5 4. d3 Nc6 5. Nd2 e5 6. Ngf3 Bd6 7. e4 d4 8. Be2 Bxf3 9. Bxf3 Nf6 10. 0-0 Qd7 11. a3 a6 12. Kh2 h5 13. g3 h4 14. Bg4 hxg3+ 15. Kxg3 Qe7 16. Nc4 Nd8 17. Nxd6+ Qxd6 18. Bc1 Ne6 19. Kg2 0-0-0 20. f4 exf4 21. Bxf4 Qc6 22. Rf2 Kb8 23. Qf3 Nxf4+ 24. Qxf4 Nxg4 25. hxg4 f6 26. Rh1 1/2-1/2

[Event "SVK-chT2D 1718"]
[Site "Slovakia"]
[Date "2017.11.26"]
[Round "4.1"]
[White "Balazs, Ladislav"]
[Black "Blaha, Vladimir"]
[Result "1-0"]
[WhiteElo "2125"]
[BlackElo "2127"]
[PlyCount "93"]
[EventDate "2017.10.28"]
[EventType "team-tourn"]
[EventRounds "11"]
[EventCountry "SVK"]
[SourceTitle "EXT 2019"]
[Source "ChessBase"]
[SourceDate "2018.10.10"]
[SourceVersion "1"]
[SourceVersionDate "2018.10.10"]
[SourceQuality "1"]
[WhiteTeam "Moldava nad Bodvou"]
[BlackTeam "Gelnica Slovan"]
[WhiteTeamCountry "SVK"]
[BlackTeamCountry "SVK"]

1. c4 c5 2. Nc3 Nc6 3. Nf3 Nf6 4. e3 e5 5. d4 d6 6. dxc5 dxc5 7. Qxd8+ Kxd8 8. Bd2 Bd6 9. 0-0-0 Ke7 10. h3 h6 11. g4 Be6 12. Nh4 Rhd8 13. Nf5+ Kf8 14. b3 Bxf5 15. gxf5 e4 16. Bg2 Re8 17. Nb5 Be5 18. Bc3 a6 19. Bxe5 Rxe5 20. Nc3 Ne7 21. Rd2 Nxf5 22. Rhd1 Ke7 23. Nd5+ Nxd5 24. Rxd5 Rxd5 25. Rxd5 Nh4 26. Bxe4 f5 27. Bh1 Rc8 28. f4 Rc7 29. Re5+ Kf6 30. Bd5 g5 31. Re6+ Kg7 32. fxg5 hxg5 33. Kd2 Ng6 34. Rb6 f4 35. Be4 fxe3+ 36. Kxe3 Ne5 37. Re6 Nf7 38. Rg6+ Kf8 39. Bd5 Re7+ 40. Kf2 Ke8 41. Rg8+ Kd7 42. Bxb7 a5 43. Bd5 Ne5 44. Rxg5 Nd3+ 45. Kf3 Rh7 46. Kg3 Re7 47. h4 1-0

[Event "SVK-chT2D 1314"]
[Site "Slovakia"]
[Date "2014.01.12"]
[Round "6.1"]
[White "Tauber, Marek"]
[Black "Blaha, Vladimir"]
[Result "1-0"]
[WhiteElo "2179"]
[BlackElo "2175"]
[PlyCount "52"]
[EventDate "2013.10.19"]
[EventType "team-tourn"]
[EventRounds "11"]
[EventCountry "SVK"]
[SourceTitle "EXT 2015"]
[Source "ChessBase"]
[SourceDate "2014.11.20"]
[SourceVersion "1"]
[SourceVersionDate "2014.11.20"]
[SourceQuality "1"]
[WhiteTeam "Spisska Nova Ves"]
[BlackTeam "Gelnica Slovan"]
[WhiteTeamCountry "SVK"]
[BlackTeamCountry "SVK"]

1. e4 d6 2. d4 Nf6 3. Nc3 g6 4. g3 Bg7 5. Bg2 0-0 6. Nge2 c6 7. a4 a5 8. 0-0 e5 9. h3 Na6 10. Be3 Nb4 11. Qd2 Re8 12. Rad1 Qe7 13. g4 Be6 14. Ng3 d5 15. dxe5 Nxe4 16. Ncxe4 dxe4 17. Nxe4 Bxe5 18. f4 Bg7 19. Bc5 Qc7 20. Qf2 f5 21. Bd6 Qc8 22. Bxb4 fxe4 23. Bc5 Bxb2 24. f5 gxf5 25. gxf5 Bf7 26. Qg3+ Kh8 1-0

[Event "SVK-chT2D 1314"]
[Site "Slovakia"]
[Date "2014.01.11"]
[Round "5.1"]
[White "Zambor, Norbert"]
[Black "Blaha, Vladimir"]
[Result "1-0"]
[WhiteElo "2303"]
[BlackElo "2175"]
[PlyCount "71"]
[EventDate "2013.10.19"]
[EventType "team-tourn"]
[EventRounds "11"]
[EventCountry "SVK"]
[SourceTitle "EXT 2015"]
[Source "ChessBase"]
[SourceDate "2014.11.20"]
[SourceVersion "1"]
[SourceVersionDate "2014.11.20"]
[SourceQuality "1"]
[WhiteTeam "Margecany"]
[BlackTeam "Gelnica Slovan"]
[WhiteTeamCountry "SVK"]
[BlackTeamCountry "SVK"]

1. e4 c5 2. Nf3 g6 3. Bc4 Bg7 4. 0-0 d6 5. Re1 Nf6 6. Bb3 0-0 7. c3 Nc6 8. h3 b5 9. d3 Qc7 10. Bf4 Nh5 11. Be3 Bb7 12. Nbd2 Ne5 13. Bc2 d5 14. Nxe5 Bxe5 15. Nf3 Bf4 16. e5 d4 17. cxd4 cxd4 18. Bxf4 Nxf4 19. Bb3 Rac8 20. Kh2 a5 21. Qd2 Ne6 22. Bxe6 fxe6 23. Rac1 Qb6 24. Rxc8 Rxc8 25. Ng5 Qc6 26. f3 h6 27. Ne4 Kg7 28. Qxa5 Qd5 29. Qb4 Kf7 30. Nd2 Rc2 31. Re4 Qc5 32. Qxc5 Rxc5 33. Rf4+ Ke8 34. Nb3 Rc7 35. Nxd4 g5 36. Rg4 1-0

[Event "SVK-chT2D 1213"]
[Site "Slovakia"]
[Date "2013.02.16"]
[Round "8.1"]
[White "Blaha, Vladimir"]
[Black "Pastir, Stanislav"]
[Result "1-0"]
[WhiteElo "2192"]
[BlackElo "2155"]
[PlyCount "85"]
[EventDate "2012.10.13"]
[EventType "team-tourn"]
[EventRounds "11"]
[EventCountry "SVK"]
[SourceTitle "EXT 2015"]
[Source "ChessBase"]
[SourceDate "2014.11.20"]
[SourceVersion "1"]
[SourceVersionDate "2014.11.20"]
[SourceQuality "1"]
[WhiteTeam "Gelnica Slovan"]
[BlackTeam "Presov Slavia"]
[WhiteTeamCountry "SVK"]
[BlackTeamCountry "SVK"]

1. d4 Nf6 2. Nf3 e6 3. c4 Bb4+ 4. Bd2 Qe7 5. g3 Nc6 6. Bg2 Bxd2+ 7. Nbxd2 0-0 8. 0-0 d6 9. e4 e5 10. d5 Nb8 11. Ne1 a5 12. Nd3 Na6 13. Qc2 Bd7 14. b3 c6 15. dxc6 Bxc6 16. Rfe1 b6 17. Rad1 Qb7 18. f3 Rac8 19. Qc3 Nd7 20. Nf1 b5 21. Ne3 Qb6 22. Kh1 b4 23. Qd2 g6 24. Nc1 Nac5 25. Qxd6 a4 26. Nd5 Bxd5 27. Qxb6 Nxb6 28. exd5 axb3 29. axb3 f6 30. f4 exf4 31. gxf4 Kf7 32. Kg1 Rfe8 33. Rxe8 Kxe8 34. Kf2 Ra8 35. Nd3 Ra2+ 36. Kg3 Nxd3 37. Rxd3 Nd7 38. d6 Nc5 39. Bc6+ Nd7 40. Re3+ Kd8 41. Re7 Ra7 42. Rxh7 Ke8 43. Rxd7 1-0

[Event "SVK-chT2D 1213"]
[Site "Slovakia"]
[Date "2012.12.15"]
[Round "5.1"]
[White "Fenda, Zdenek"]
[Black "Blaha, Vladimir"]
[Result "0-1"]
[WhiteElo "2064"]
[BlackElo "2192"]
[PlyCount "93"]
[EventDate "2012.10.13"]
[EventType "team-tourn"]
[EventRounds "11"]
[EventCountry "SVK"]
[SourceTitle "EXT 2015"]
[Source "ChessBase"]
[SourceDate "2014.11.20"]
[SourceVersion "1"]
[SourceVersionDate "2014.11.20"]
[SourceQuality "1"]
[WhiteTeam "Margecany"]
[BlackTeam "Gelnica Slovan"]
[WhiteTeamCountry "SVK"]
[BlackTeamCountry "SVK"]

1. e4 c5 2. f4 g6 3. Nf3 Bg7 4. c3 d5 5. Bb5+ Bd7 6. Qa4 dxe4 7. Ng5 Nf6 8. Bxd7+ Qxd7 9. Qc4 0-0 10. Nxe4 Nxe4 11. Qxe4 Nc6 12. 0-0 Rad8 13. Na3 e5 14. f5 Qd3 15. Qxd3 Rxd3 16. fxg6 hxg6 17. Nc2 e4 18. Re1 f5 19. Ne3 Ne5 20. a4 Rfd8 21. b3 Bh6 22. Nf1 R3d6 23. Re2 b6 24. d4 Bxc1 25. dxe5 Bf4 26. g4 Bxe5 27. Rc1 Rd1 28. Rxd1 Rxd1 29. gxf5 gxf5 30. Kg2 Rd3 31. Re3 Bxc3 32. Rxd3 exd3 33. Kf2 Kf7 34. Ke3 d2 35. Nxd2 Bxd2+ 36. Kxd2 Kf6 37. Ke3 Kg5 38. Kf3 a6 39. h4+ Kf6 40. Kf4 b5 41. axb5 axb5 42. Kf3 Kg6 43. Kf4 c4 44. bxc4 bxc4 45. Ke3 Kh5 46. Kd4 Kxh4 47. Kxc4 0-1

[Event "SVK-chT2D 1213"]
[Site "Slovakia"]
[Date "2012.12.02"]
[Round "4.1"]
[White "Blaha, Vladimir"]
[Black "Kusiak, Matej"]
[Result "0-1"]
[WhiteElo "2192"]
[BlackElo "2179"]
[PlyCount "96"]
[EventDate "2012.10.13"]
[EventType "team-tourn"]
[EventRounds "11"]
[EventCountry "SVK"]
[SourceTitle "EXT 2015"]
[Source "ChessBase"]
[SourceDate "2014.11.20"]
[SourceVersion "1"]
[SourceVersionDate "2014.11.20"]
[SourceQuality "1"]
[WhiteTeam "Gelnica Slovan"]
[BlackTeam "Kosice SK"]
[WhiteTeamCountry "SVK"]
[BlackTeamCountry "SVK"]

1. d4 d6 2. e4 Nf6 3. Nc3 e5 4. Nf3 Nbd7 5. g3 g6 6. Bg2 Bg7 7. 0-0 0-0 8. Re1 c6 9. a4 a5 10. h3 Re8 11. Be3 Qc7 12. Qd2 b6 13. Rad1 Bf8 14. Nh2 Ba6 15. g4 b5 16. Bg5 b4 17. Ne2 Rac8 18. Nf1 Be7 19. Nfg3 c5 20. Bxf6 Nxf6 21. d5 Nd7 22. b3 c4 23. Rc1 cxb3 24. cxb3 Nc5 25. Qe3 Qd8 26. Rcd1 Bg5 27. Qf3 Qf6 28. Qxf6 Bxf6 29. Rb1 Nd3 30. Red1 Rc2 31. Bf1 Nc5 32. Rdc1 Bd3 33. Rd1 Bxe4 34. Nc1 Bf3 35. Re1 e4 36. Bc4 Bd4 37. Nce2 Be5 38. Rbc1 Rb2 39. Rb1 Rc8 40. Rxb2 Bxb2 41. Kf1 Nxa4 42. Ng1 Nc3 43. Ba6 Rc5 44. Bb7 a4 45. bxa4 b3 46. N1e2 Nxe2 47. Nxe2 Bxe2+ 48. Rxe2 Bc1 0-1

[Event "SVK-chT2D 1213"]
[Site "Slovakia"]
[Date "2012.10.13"]
[Round "1.1"]
[White "Istona, Martin"]
[Black "Blaha, Vladimir"]
[Result "1/2-1/2"]
[WhiteElo "2071"]
[BlackElo "2192"]
[PlyCount "66"]
[EventDate "2012.10.13"]
[EventType "team-tourn"]
[EventRounds "11"]
[EventCountry "SVK"]
[SourceTitle "EXT 2015"]
[Source "ChessBase"]
[SourceDate "2014.11.20"]
[SourceVersion "1"]
[SourceVersionDate "2014.11.20"]
[SourceQuality "1"]
[WhiteTeam "Sabinov II"]
[BlackTeam "Gelnica Slovan"]
[WhiteTeamCountry "SVK"]
[BlackTeamCountry "SVK"]

1. e4 c5 2. Nf3 Nc6 3. d4 cxd4 4. Nxd4 g6 5. Nc3 Bg7 6. Be3 Nf6 7. Bc4 Qa5 8. 0-0 0-0 9. Bb3 d6 10. h3 Bd7 11. f4 Nxd4 12. Bxd4 Bc6 13. Qd3 Rad8 14. Rae1 e5 15. Bf2 d5 16. fxe5 dxe4 17. Qc4 Qxe5 18. Bxa7 Qa5 19. Bc5 b5 20. Qe2 Rfe8 21. Qf2 Rd7 22. Rd1 Rxd1 23. Rxd1 b4 24. Ne2 e3 25. Bxe3 Qe5 26. Rd3 Bb5 27. c4 bxc3 28. Rxc3 Nd5 29. Bd4 Qxe2 30. Qxe2 Bxe2 31. Bxg7 Nxc3 32. Bxc3 Rc8 33. a4 Bc4 1/2-1/2

[Event "SVK-chT2D 1112"]
[Site "Slovakia"]
[Date "2012.01.29"]
[Round "9.2"]
[White "Veselovsky, Jan"]
[Black "Blaha, Vladimir"]
[Result "0-1"]
[WhiteElo "2071"]
[BlackElo "2153"]
[PlyCount "80"]
[EventDate "2011.10.08"]
[EventType "team-tourn"]
[EventRounds "11"]
[EventCountry "SVK"]
[SourceTitle "EXT 2013"]
[Source "ChessBase"]
[SourceDate "2012.11.22"]
[SourceVersion "1"]
[SourceVersionDate "2012.11.22"]
[SourceQuality "1"]
[WhiteTeam "Zborov Magura"]
[BlackTeam "Gelnica Slovan"]
[WhiteTeamCountry "SVK"]
[BlackTeamCountry "SVK"]

1. e4 c5 2. Nf3 Nc6 3. Nc3 g6 4. d4 cxd4 5. Nxd4 Bg7 6. Be3 Nf6 7. Be2 0-0 8. 0-0 d6 9. Qd2 Bd7 10. f4 Rc8 11. Nb3 a6 12. Bf3 Bg4 13. Qf2 Bxf3 14. Qxf3 b5 15. Rad1 Qc7 16. g4 b4 17. Ne2 Na5 18. Nbd4 Nc4 19. Bc1 e5 20. Nb3 exf4 21. Bxf4 Ne5 22. Bxe5 dxe5 23. c3 a5 24. g5 Nh5 25. Kh1 Rfd8 26. Nbc1 h6 27. gxh6 Bxh6 28. Nd3 Qe7 29. Rg1 Kh7 30. Nf2 Nf4 31. Nxf4 Bxf4 32. Rxd8 Rxd8 33. Rd1 Qh4 34. Qg2 Rxd1+ 35. Nxd1 Qe1+ 36. Qg1 Qxe4+ 37. Qg2 Qe1+ 38. Qg1 Qd2 39. cxb4 axb4 40. Qf1 Qxh2# 0-1

[Event "SVK-chT2D 1112"]
[Site "Slovakia"]
[Date "2011.11.06"]
[Round "4.6"]
[White "Blaha, Vladimir"]
[Black "Bemak, Mikhail"]
[Result "1/2-1/2"]
[WhiteElo "2153"]
[BlackElo "2122"]
[PlyCount "72"]
[EventDate "2011.10.08"]
[EventType "team-tourn"]
[EventRounds "11"]
[EventCountry "SVK"]
[SourceTitle "EXT 2013"]
[Source "ChessBase"]
[SourceDate "2012.11.22"]
[SourceVersion "1"]
[SourceVersionDate "2012.11.22"]
[SourceQuality "1"]
[WhiteTeam "Gelnica Slovan"]
[BlackTeam "Velke Kapusany"]
[WhiteTeamCountry "SVK"]
[BlackTeamCountry "SVK"]

1. d4 Nf6 2. c4 e6 3. Nf3 Bb4+ 4. Bd2 Be7 5. Nc3 d5 6. Bf4 0-0 7. e3 b6 8. Bd3 Bb7 9. cxd5 Nxd5 10. Nxd5 Qxd5 11. Bxc7 Qa5+ 12. Nd2 Na6 13. Be5 f6 14. Qh5 f5 15. Qd1 Nb4 16. Bc4 Nd5 17. 0-0 Rac8 18. a3 b5 19. Bb3 Qb6 20. Nf3 a5 21. Bg3 Bf6 22. Ne5 Bxe5 23. Bxe5 Qc6 24. Qf3 a4 25. Bxd5 Qxd5 26. Qxd5 Bxd5 27. Rac1 Bc4 28. Rfd1 Rc6 29. f3 Rfc8 30. e4 g6 31. Kf2 Kf7 32. Ke3 Rd8 33. Rc3 Rcc8 34. d5 exd5 35. exd5 Rc5 36. f4 Rcxd5 1/2-1/2

[Event "SVK-chT2D 1112"]
[Site "Slovakia"]
[Date "2011.10.09"]
[Round "2.6"]
[White "Vrbova, Niki"]
[Black "Blaha, Vladimir"]
[Result "1/2-1/2"]
[WhiteElo "2173"]
[BlackElo "2153"]
[PlyCount "103"]
[EventDate "2011.10.08"]
[EventType "team-tourn"]
[EventRounds "11"]
[EventCountry "SVK"]
[SourceTitle "EXT 2013"]
[Source "ChessBase"]
[SourceDate "2012.11.22"]
[SourceVersion "1"]
[SourceVersionDate "2012.11.22"]
[SourceQuality "1"]
[WhiteTeam "Kosice Slavia TU IV"]
[BlackTeam "Gelnica Slovan"]
[WhiteTeamCountry "SVK"]
[BlackTeamCountry "SVK"]

1. e4 c5 2. d3 e6 3. g3 d5 4. Nd2 Nf6 5. Bg2 Nc6 6. Ngf3 Be7 7. 0-0 0-0 8. Re1 dxe4 9. Nxe4 Nxe4 10. dxe4 b6 11. Qe2 Bb7 12. Bf4 Qc8 13. c3 Ba6 14. Qc2 Rd8 15. Rad1 h6 16. h4 Qb7 17. e5 Qc7 18. Nh2 Rxd1 19. Qxd1 Bf8 20. Be4 Rd8 21. Qf3 Ne7 22. g4 Ng6 23. Bg3 Be7 24. h5 Nf8 25. Qe3 Bb7 26. Bxb7 Qxb7 27. Nf3 Qd5 28. b3 Qd3 29. Kg2 c4 30. b4 a5 31. a3 axb4 32. axb4 b5 33. Bf4 Qd5 34. Ra1 Qc6 35. Qa7 Rd3 36. Be3 Bg5 37. Qa8 Qxa8 38. Rxa8 Bxe3 39. fxe3 Rxe3 40. Nd4 Rxc3 41. Rc8 Rd3 42. Nxb5 Rd5 43. Nd6 f6 44. b5 fxe5 45. b6 Rxd6 46. b7 Rb6 47. b8Q Rxb8 48. Rxb8 Kf7 49. Rc8 g6 50. hxg6+ Nxg6 51. Rxc4 Kf6 52. Kg3 1/2-1/2